Handbook of line communication (Record no. 4603)

MARC details
000 -LEADER
fixed length control field 00658nam a2200169Ia 4500
003 - CONTROL NUMBER IDENTIFIER
control field IN-BaIIA
008 - FIXED-LENGTH DATA ELEMENTS--GENERAL INFORMATION
fixed length control field 211028s9999 xx 000 0 eng d
040 ## - CATALOGING SOURCE
Transcribing agency IIA Library
080 ## - UNIVERSAL DECIMAL CLASSIFICATION NUMBER
Universal Decimal Classification number (035)621.396
Item number BIR
110 ## - MAIN ENTRY--CORPORATE NAME
Corporate name or jurisdiction name as entry element United Kingdom. Her Majesty's Stationery Office
9 (RLIN) 8124
245 #0 - TITLE STATEMENT
Title Handbook of line communication
Remainder of title vol. 1, a comprehensive textbook dealing with the theoretical and practical aspects of the transmission of intelligence over lines
Statement of responsibility, etc. His Majesty's Stationery Office
260 ## - PUBLICATION, DISTRIBUTION, ETC.
Place of publication, distribution, etc. London
Name of publisher, distributor, etc. Her Majesty's Stationary Office
Date of publication, distribution, etc. 1947
300 ## - PHYSICAL DESCRIPTION
Extent 875p.
650 ## - SUBJECT ADDED ENTRY--TOPICAL TERM
Topical term or geographic name entry element Handbooks-Line Communication
9 (RLIN) 8125
650 ## - SUBJECT ADDED ENTRY--TOPICAL TERM
Topical term or geographic name entry element NASA Thesaurus 
942 ## - ADDED ENTRY ELEMENTS (KOHA)
Koha item type Books
Holdings
Withdrawn status Lost status Damaged status Not for loan Home library Current library Shelving location Date acquired Total Checkouts Full call number Barcode Date last seen Price effective from Koha item type
        IIA Library-Bangalore IIA Library-Bangalore General Stacks     (035)621.396/ BIR 5136 05/11/2021   Books

Powered by Koha